Termes de météo (2) - Statistiques

Statistiques générales
  • Ce quiz a été pris 78 fois
  • Le résultat moyen est 20 sur 30
Statistiques - réponses
Hint Réponse % Correct
Instrument de mesure du vent Anémomètre
90%
Enveloppe gazeuse qui entoure la terre Atmosphère
90%
Instrument destiné à mesurer la température. Thermomètre
90%
°F Degré Fahrenheit
88%
Forme de précipitation solide, constituée de petits blocs de glace ronds Grêle
88%
Instrument destiné à mesurer le degré d’humidité de l’air. Hygromètre
87%
Unité officielle de pression Pascal
87%
Instrument destiné à mesurer la direction du vent. Girouette
85%
Nuages à l'origine des orages Cumulonimbus
83%
Pluie subite qui dure peu Averse
81%
Précipitation d'eau atmosphérique sous forme de gouttes. Pluie
81%
Mélange d'air humide et de gouttelettes d'eau qui réduit la visibilité à 1 km au plus Brouillard
79%
Précipitation de cristaux de glace agglomérés en flocons, dont la plupart sont ramifiés, parfois en étoile. Neige
79%
Petite pluie très fine qui dure Bruine
75%
Moments de l’année où le Soleil se trouve dans le plan équatorial de la Terre Equinoxe
75%
Vent côtier Brise
65%
Dans l'océan indien et le Pacifique sud, zones de très basse pression qui se forme dans les régions tropicales et autour des quelles les vents peuvent dépasser 200 km/h Cyclone
65%
Perturbation climatique à l’échelle du Pacifique équatorial qui se produit une à deux fois par décennie. El Nino
63%
Phénomène saisonnier qui correspond à une inversion des vents dominants sur une grande échelle dans l’océan indien Mousson
63%
Nnuages, pluie violente et grêle, éclairs, tonnerre, rafales de vent. Orage
63%
Point de la trajectoire de la terre le plus éloigné du soleil Aphélie
60%
Déplacement de l’air, à un endroit précis Vent
60%
Zone de vents forts accompagnant certaines perturbations. Tempête
56%
Nuages élevés, vers 10 km d'altitude Cirrus
54%
Quantité qui caractérise la chaleur que contient un volume d’air. Température
52%
Nuages bas en dalles, situés entre 500m et 3 km d’altitude Strato-cumulus
48%
Vent chaud, sec et très rafaleux Foehn
46%
Pluie soudaine et de peu de durée, souvent accompagnée de grêle Giboulée
44%
Point de la trajectoire de la terre le plus proche du soleil Périhélie
35%
Mélange d'air humide et de gouttelettes d'eau qui réduit la visibilité entre 1 et 5 km au plus Brume
15%
Aucun quiz correspondant
Distribution des résultats
% des personnes avec chaque résultat
Percentile par nombre de réponses
Votre historique - résultats
Vous n’avez pas pris ce quiz